Crochet Stitches - Statistics

General Stats
  • This quiz has been taken 385 times
  • The average score is 6 of 8
Answer Stats
Picture Hint Answer % Correct
double crochet
91%
chain
90%
2 yarn-overs triple crochet
88%
single crochet
84%
slip knot
83%
half-double crochet
60%
slip stitch
54%
location of stitch back loops only
53%
No matching quizzes found
Score Distribution
Percent of People with Each Score
Percentile by Number Answered
Your Score History
You have not taken this quiz